000 00734nam a2200229 a 4500
999 _c1232
_d1232
001 1232
003 BD-JhCC
005 20171030112017.0
008 171017s2007 bg |||| |||| 00| 0 ben d
020 _a9844105463
035 _a(BD-JhCC)1232
040 _aBD-JhCC
_dBD-JhCC
041 _aben
082 _222
_a923.1
_bSAI 2007
100 _aসায়ীদ, আবদুল্লাহ আবু
245 _aবিশ্বসাহিত্য কেন্দ্র ও আমি /
_cআবদুল্লাহ আবু সায়ীদ
260 _aঢাকা :
_bমাওলা ব্রাদার্স,
_c2007
300 _a287 p. :
_c21 cm.
650 _aAutobiography
942 _2ddc
_cBK